000 00784nam a2200241 i 4500
003 IT-RoINE
005 20190418100600.0
008 000113s1936 it a||||r |||0|||ita d
040 _acubi
_cIT-RoINE
_dIT-RoINE
041 7 _aita
_2ISO-639-2
100 1 _aSottochiesa, Gino,
_d1893-
_952504
245 1 3 _aLa religione in Etiopia /
_cGino Sottochiesa.
260 _aTorino :
_bEdizione dei Quaderni nazionali,
_c1936.
300 _a208 p., p. de lám. ;
_c22 cm.
336 _2rdacontent
_atext
337 _2rdamedia
_aunmediated
338 _2rdacarrier
_avolume
490 1 _aQuaderni nazionali.
_aSerie III ;
_v1
504 _aIncluye bibliografía.
651 4 _aEtiopía
_xHistoria eclesiástica
_952569
830 0 _aQuaderni nazionali.
_nSerie III ;
_v1
_952506
942 _cMTS
999 _c26594
_d26594